00341nam a2200121 a 450000500170000000800410001705000230005810000210008124500430010226000400014530000220018565000120020720140310183151.0021204s19uu xx 00 eng d aPZ 3b.C12743 1959 aCaldwell, Taylor aYour sins and mine /cTaylor Caldwell. aNew York ;bPopular Library,c1959. a126 p. :c17 cm.  aFiction